000 00437nam a2200097Ia 4500
008 180130s9999 xx 000 0 und d
245 _cHsueh, Hsiang-Yuan; Chen, Chun-Nan; Huang, Kun-Fu
_aGenerating metadata from web documents: a systematic approach
260 _c2016
300 _aBook title: Human-computer interaction : design, developments and applications--Acession number C20741; pages 201-217
650 _aHUMAN-COMPUTER INTERACTION
999 _c354379
_d354379